[Event "Titled Tuesday intern op 16th Apr Early"]
[Site "Chess.com INT"]
[Date "2024.04.16"]
[Round "3"]
[White "Sipila, Vilka"]
[Black "Perossa, Nicolas"]
[Result "0-1"]
[WhiteElo "2447"]
[BlackElo "2269"]
[PlyCount "114"]
[EventDate "2024.04.16"]
[EventType "swiss (blitz)"]
[EventRounds "11"]
[EventCountry "USA"]
[SourceTitle "CB17_2024"]
[SourceDate "2024.04.24"]
[SourceVersion "1"]
[SourceVersionDate "2024.04.24"]
[SourceQuality "1"]

1. b3 d6 2. Bb2 Nf6 3. d4 g6 4. Nc3 Bg7 5. e4 0-0 6. Qd2 e5 7. 0-0-0 Nc6 8. dxe5 dxe5 9. Qxd8 Rxd8 10. Rxd8+ Nxd8 11. f3 c6 12. Na4 Nd7 13. g3 Ne6 14. h4 h5 15. Nh3 Nd4 16. f4 Nf8 17. Nf2 Nfe6 18. Nd3 b6 19. Nxe5 Bxe5 20. fxe5 c5 21. Nc3 Bb7 22. Nd5 Rd8 23. c3 Nf3 24. c4 Nfd4 25. Kd2 Nc6 26. Bh3 Ned4 27. Kd3 Nxe5+ 28. Ke3 Nec6 29. Rf1 Kg7 30. Rf2 Re8 31. Kd3 Bc8 32. Bxc8 Rxc8 33. b4 Ne5+ 34. Kc3 Ndc6 35. a3 Re8 36. Kb3 Re6 37. Ka4 Nd4 38. Bxd4 cxd4 39. c5 bxc5 40. bxc5 Nd3 41. Rc2 Rxe4 42. c6 Re8 43. c7 Rc8 44. Ne7 Nb2+ 45. Kb3 d3 46. Nxc8 dxc2 47. Kxc2 Nc4 48. Kc3 Nxa3 49. Kb3 Nb5 50. Kc4 a6 51. Kc5 Nxc7 52. Nd6 Kf6 53. Kb6 Nd5+ 54. Kxa6 Ke6 55. Ne4 Ke5 56. Ng5 f6 57. Nf7+ Ke6 0-1

[Event "FIN-ch"]
[Site "Helsinki"]
[Date "2024.03.30"]
[Round "2"]
[White "Maki Uuro, Miika"]
[Black "Sipila, Vilka"]
[Result "1/2-1/2"]
[WhiteElo "2280"]
[BlackElo "2439"]
[PlyCount "74"]
[EventDate "2024.03.29"]
[EventType "tourn"]
[EventRounds "9"]
[EventCountry "FIN"]
[EventCategory "3"]
[SourceTitle "CB15_2024"]
[SourceDate "2024.04.10"]
[SourceVersion "1"]
[SourceVersionDate "2024.04.10"]
[SourceQuality "1"]

1. d4 d5 2. Nf3 Nf6 3. c4 e6 4. Nc3 Bb4 5. cxd5 exd5 6. Bg5 h6 7. Bxf6 Qxf6 8. Qa4+ Nc6 9. e3 0-0 10. Be2 Rd8 11. 0-0 Bf8 12. Rfc1 g5 13. Ne1 Ne7 14. Qd1 c5 15. dxc5 d4 16. Ne4 Qg7 17. Ng3 f5 18. Nf3 Nc6 19. Nh5 Qf7 20. Bc4 Be6 21. Bxe6 Qxe6 22. Nxd4 Qf7 23. Ng3 Rd5 24. Qb3 f4 25. Ngf5 fxe3 26. fxe3 Nxd4 27. Nxd4 Rxc5 28. Ne6 Re5 29. Nxf8 Rxf8 30. Rc7 Qxb3 31. axb3 Rxe3 32. Rxb7 Re2 33. h4 Rff2 34. Raxa7 Rxg2+ 35. Kh1 Rh2+ 36. Kg1 Rhg2+ 37. Kh1 Rh2+ 1/2-1/2

[Event "Titled Tuesday intern op 12th Mar Late"]
[Site "Chess.com INT"]
[Date "2024.03.12"]
[Round "4"]
[White "Sipila, Vilka"]
[Black "Ashraf, Artin"]
[Result "0-1"]
[WhiteElo "2439"]
[BlackElo "2399"]
[PlyCount "66"]
[EventDate "2024.03.12"]
[EventType "swiss (blitz)"]
[EventRounds "11"]
[EventCountry "USA"]
[SourceTitle "CB12_2024"]
[SourceDate "2023.10.01"]
[SourceVersion "1"]
[SourceVersionDate "2023.10.01"]
[SourceQuality "1"]

1. b3 d5 2. Bb2 Nc6 3. Nf3 Bg4 4. e3 a6 5. h3 Bh5 6. d3 e6 7. Nbd2 Nf6 8. g4 Bg6 9. h4 h6 10. h5 Bh7 11. g5 hxg5 12. Nxg5 Bf5 13. e4 dxe4 14. dxe4 Bg4 15. Be2 Bxe2 16. Qxe2 Nd4 17. Qd3 Nxh5 18. Nxf7 Nf4 19. Qf1 Rxh1 20. Qxh1 Kxf7 21. 0-0-0 Nde2+ 22. Kb1 Bb4 23. Nf3 Qe7 24. Rd7 Qxd7 25. Ne5+ Ke7 26. Qh4+ Kd6 27. Nxd7 Kxd7 28. Be5 Rf8 29. Qg5 Rf7 30. Bxg7 Nc3+ 31. Kb2 Nfe2 32. a3 Nd1+ 33. Ka2 Bc3 0-1

[Event "Titled Tuesday intern op 19th Dec Early"]
[Site "Chess.com INT"]
[Date "2023.12.19"]
[Round "2"]
[White "Grandelius, Nils"]
[Black "Sipila, Vilka"]
[Result "1-0"]
[WhiteElo "2673"]
[BlackElo "2438"]
[PlyCount "49"]
[EventDate "2023.12.19"]
[EventType "swiss (blitz)"]
[EventRounds "11"]
[EventCountry "USA"]
[SourceTitle "CB52_2023"]
[SourceDate "2023.12.27"]
[SourceVersion "1"]
[SourceVersionDate "2023.12.27"]
[SourceQuality "1"]

1. d4 f5 2. c4 Nf6 3. Nc3 g6 4. h4 Rg8 5. Nf3 d6 6. Bf4 Nc6 7. d5 Nb8 8. e3 e5 9. dxe6 Bxe6 10. Qb3 b6 11. Ng5 Qe7 12. Nxe6 Qxe6 13. Nd5 Qf7 14. 0-0-0 Bg7 15. Qa4+ Kd8 16. Be2 Ne4 17. Bf3 h6 18. Kb1 Nd7 19. Bxe4 fxe4 20. Nxc7 Kxc7 21. Rxd6 Ne5 22. Bxe5 Bxe5 23. Qc6+ Kb8 24. Rd7 Qxd7 25. Qxd7 1-0

[Event "Titled Tuesday intern op 19th Dec Early"]
[Site "Chess.com INT"]
[Date "2023.12.19"]
[Round "6"]
[White "Pranav, V."]
[Black "Sipila, Vilka"]
[Result "1-0"]
[WhiteElo "2611"]
[BlackElo "2438"]
[PlyCount "57"]
[EventDate "2023.12.19"]
[EventType "swiss (blitz)"]
[EventRounds "11"]
[EventCountry "USA"]
[SourceTitle "CB52_2023"]
[SourceDate "2023.12.27"]
[SourceVersion "1"]
[SourceVersionDate "2023.12.27"]
[SourceQuality "1"]

1. e4 d5 2. exd5 Qxd5 3. Nc3 Qe5+ 4. Be2 Bg4 5. d4 Bxe2 6. Ngxe2 Qa5 7. 0-0 Nf6 8. Nf4 Nbd7 9. Re1 0-0-0 10. Bd2 Qf5 11. Nd3 Nb6 12. a4 Rxd4 13. a5 Nc4 14. a6 b6 15. b3 Nxd2 16. Qxd2 e6 17. Qe2 Bd6 18. h3 g5 19. Qe3 Rd8 20. Rad1 g4 21. h4 Qa5 22. Ne2 Re4 23. Qh6 Nh5 24. Qxh7 Nf6 25. Qxf7 Qf5 26. Ng3 Bxg3 27. fxg3 Rd7 28. Qf8+ Rd8 29. Qh6 1-0

[Event "Titled Tuesday intern op 19th Dec Early"]
[Site "Chess.com INT"]
[Date "2023.12.19"]
[Round "7"]
[White "Sipila, Vilka"]
[Black "Herman, Daniel"]
[Result "1-0"]
[WhiteElo "2438"]
[BlackElo "1927"]
[PlyCount "31"]
[EventDate "2023.12.19"]
[EventType "swiss (blitz)"]
[EventRounds "11"]
[EventCountry "USA"]
[SourceTitle "CB52_2023"]
[SourceDate "2023.12.27"]
[SourceVersion "1"]
[SourceVersionDate "2023.12.27"]
[SourceQuality "1"]

1. e4 e6 2. d4 d5 3. e5 c5 4. c3 Nc6 5. Nf3 Bd7 6. Be2 Nh6 7. 0-0 Nf5 8. dxc5 Bxc5 9. b4 Bb6 10. Bd3 Nh4 11. Re1 0-0 12. Bxh7+ Kxh7 13. Ng5+ Kg6 14. Qg4 Rh8 15. Nxe6+ Kh7 16. Qxg7# 1-0

[Event "Titled Tuesday intern op 19th Dec Early"]
[Site "Chess.com INT"]
[Date "2023.12.19"]
[Round "8"]
[White "Zeneli, Klendi"]
[Black "Sipila, Vilka"]
[Result "0-1"]
[WhiteElo "2148"]
[BlackElo "2438"]
[PlyCount "94"]
[EventDate "2023.12.19"]
[EventType "swiss (blitz)"]
[EventRounds "11"]
[EventCountry "USA"]
[SourceTitle "CB52_2023"]
[SourceDate "2023.12.27"]
[SourceVersion "1"]
[SourceVersionDate "2023.12.27"]
[SourceQuality "1"]

1. e4 d5 2. exd5 Qxd5 3. Nc3 Qe5+ 4. Be2 Bg4 5. d4 Bxe2 6. Ngxe2 Qa5 7. 0-0 Nf6 8. Bf4 Nc6 9. a3 0-0-0 10. b4 Qf5 11. Bg3 e5 12. d5 Ne7 13. Qc1 Nexd5 14. Rd1 Be7 15. Nxd5 Nxd5 16. Qb2 Bf6 17. Qb3 e4 18. Nd4 Bxd4 19. Rxd4 Nf4 20. Rxd8+ Rxd8 21. Qe3 g5 22. Qxa7 Qd5 23. h3 e3 24. Bxf4 e2 25. Re1 Qd1 26. Qa8+ Kd7 27. Qa4+ Ke6 28. Qb3+ Kf6 29. Qc3+ Kg6 30. Bg3 f5 31. f3 c6 32. Qe3 f4 33. Qe6+ Kh5 34. Qf7+ Kh6 35. Qf6+ Kh5 36. Bf2 Rd2 37. Qf7+ Kh6 38. Qf8+ Kg6 39. Qe8+ Kh6 40. Qe6+ Kh5 41. Qg4+ Kg6 42. h4 h6 43. h5+ Kf6 44. Qc8 Qxc2 45. Qf8+ Ke5 46. Qe7+ Kd5 47. Qe6+ Kxe6 0-1

[Event "EU-chT 24th"]
[Site "Budva"]
[Date "2023.11.12"]
[Round "2.13"]
[White "Blomqvist, Erik"]
[Black "Sipila, Vilka"]
[Result "1-0"]
[WhiteElo "2520"]
[BlackElo "2429"]
[PlyCount "119"]
[EventDate "2023.11.11"]
[EventType "team-swiss"]
[EventRounds "9"]
[EventCountry "MNE"]
[SourceTitle "CB47_2023"]
[SourceDate "2023.11.22"]
[SourceVersion "1"]
[SourceVersionDate "2023.11.22"]
[SourceQuality "1"]
[WhiteTeam "Sweden"]
[BlackTeam "Finland"]
[WhiteTeamCountry "SWE"]
[BlackTeamCountry "FIN"]

1. e4 c5 2. Nf3 e6 3. d3 Nc6 4. g3 d5 5. Qe2 Nf6 6. Bg2 Be7 7. a4 c4 8. dxc4 Nxe4 9. 0-0 0-0 10. Rd1 Bc5 11. Be3 Qb6 12. Bxc5 Qxc5 13. Na3 Re8 14. Nb5 Qb6 15. Nd2 Nxd2 16. cxd5 a6 17. dxc6 axb5 18. Qxb5 Qxb5 19. axb5 Rxa1 20. Rxa1 bxc6 21. Bxc6 Rd8 22. b3 Kf8 23. b6 Ke7 24. b7 Bxb7 25. Bxb7 Rd7 26. Bc6 Rc7 27. Ra6 Kd6 28. Be4+ Kc5 29. Bxh7 g6 30. h4 Kb5 31. Ra2 Nf3+ 32. Kf1 Nd4 33. h5 gxh5 34. Ra4 e5 35. Bd3+ Kb6 36. Ra6+ Kc5 37. Rh6 Kd5 38. Bc4+ Ke4 39. c3 Nf3 40. Rd6 Kf5 41. Ke2 e4 42. Ke3 Ne5 43. Rd5 f6 44. Kd4 Rh7 45. Bf1 h4 46. Bg2 Ke6 47. Bxe4 Rg7 48. gxh4 Rg4 49. Rb5 Rxh4 50. Rb6+ Ke7 51. Kd5 Rh5 52. Rb7+ Nd7+ 53. Kd4 Kd6 54. b4 f5 55. Rb5 Ke6 56. f4 Nf6 57. Re5+ Kf7 58. Rxf5 Rh8 59. Bd5+ Ke7 60. Re5+ 1-0

[Event "Stockholm Elite Hotels GP"]
[Site "Stockholm"]
[Date "2023.11.03"]
[Round "1"]
[White "Sipila, Vilka"]
[Black "Blom, Mikael"]
[Result "1-0"]
[WhiteElo "2429"]
[BlackElo "1828"]
[PlyCount "65"]
[EventDate "2023.11.03"]
[EventType "swiss"]
[EventRounds "8"]
[EventCountry "SWE"]
[SourceTitle "Mega2024 Update 01"]
[Source "Chessbase"]
[SourceDate "2023.11.12"]
[SourceVersion "1"]
[SourceVersionDate "2023.11.12"]
[SourceQuality "1"]

1. b3 d5 2. Bb2 Nf6 3. g3 Bf5 4. Bg2 c6 5. d3 Nbd7 6. Nd2 e6 7. e4 dxe4 8. dxe4 Bg6 9. Nh3 e5 10. 0-0 Qc7 11. f4 Bc5+ 12. Kh1 0-0-0 13. f5 Bh5 14. Bf3 Bxf3+ 15. Qxf3 h6 16. a3 Bd4 17. c3 Bb6 18. b4 c5 19. a4 a5 20. Nc4 cxb4 21. cxb4 Kb8 22. Rfc1 Qc6 23. Nxe5 Qxe4 24. Qxe4 Nxe4 25. bxa5 Nxe5 26. Bxe5+ Ka8 27. axb6 f6 28. Bf4 Rd5 29. Rc7 Rhd8 30. Rac1 Rd1+ 31. Rxd1 Rxd1+ 32. Kg2 Rd8 33. a5 1-0

[Event "Titled Tuesday intern op 26th Sep Early"]
[Site "Chess.com INT"]
[Date "2023.09.26"]
[Round "1"]
[White "Sipila, Vilka"]
[Black "Fajdetic, Hrvoje"]
[Result "1-0"]
[WhiteElo "2435"]
[BlackElo "2151"]
[PlyCount "83"]
[EventDate "2023.09.26"]
[EventType "swiss (blitz)"]
[EventRounds "11"]
[EventCountry "USA"]
[SourceTitle "EXT 2024"]
[Source "ChessBase"]
[SourceDate "2023.10.10"]
[SourceVersion "1"]
[SourceVersionDate "2023.10.10"]
[SourceQuality "1"]

1. f4 d5 2. Nf3 g6 3. g3 Bg7 4. Bg2 Nh6 5. 0-0 0-0 6. d3 c6 7. e4 dxe4 8. dxe4 Qb6+ 9. Kh1 Bxb2 10. Bxb2 Qxb2 11. Nbd2 Rd8 12. Nc4 Rxd1 13. Nxb2 Rxa1 14. Rxa1 Na6 15. Nd4 Bd7 16. Rd1 Nc5 17. Nb3 Nxb3 18. Rxd7 Nc5 19. Rxe7 Rd8 20. Bf1 Kf8 21. Rc7 Rd2 22. Nd3 Nxe4 23. Rxb7 Rxc2 24. Rxa7 Nf5 25. Ne5 Ne3 26. Ra3 Nxf1 27. Kg1 Nfd2 28. Ra8+ Kg7 29. Ra7 Nd6 30. Ra6 N2e4 31. Nxc6 h5 32. Ne5 h4 33. gxh4 Nf5 34. Ra7 Ned6 35. Ra6 Rd2 36. h5 gxh5 37. a4 h4 38. h3 Ne3 39. Ra7 Kf6 40. a5 Kf5 41. Rd7 Kxf4 42. Nxf7 1-0

[Event "Titled Tuesday intern op 26th Sep Early"]
[Site "Chess.com INT"]
[Date "2023.09.26"]
[Round "4"]
[White "Zakhartsov, Vladimir"]
[Black "Sipila, Vilka"]
[Result "0-1"]
[WhiteElo "2526"]
[BlackElo "2435"]
[PlyCount "90"]
[EventDate "2023.09.26"]
[EventType "swiss (blitz)"]
[EventRounds "11"]
[EventCountry "USA"]
[SourceTitle "EXT 2024"]
[Source "ChessBase"]
[SourceDate "2023.10.10"]
[SourceVersion "1"]
[SourceVersionDate "2023.10.10"]
[SourceQuality "1"]

1. e4 d5 2. exd5 Qxd5 3. Nc3 Qa5 4. Nf3 Nf6 5. Bc4 Bf5 6. d3 e6 7. Bd2 c6 8. 0-0 Nbd7 9. a3 Qc7 10. h3 Bd6 11. b4 0-0 12. Re1 Ne5 13. Bb3 Rfd8 14. Bg5 Nxf3+ 15. Qxf3 Bh2+ 16. Kh1 Be5 17. Bd2 a5 18. Qe2 Bd4 19. Rab1 axb4 20. axb4 b5 21. Nd1 Nd5 22. Qf3 Qd6 23. Ne3 Bg6 24. h4 h6 25. h5 Bh7 26. Nxd5 cxd5 27. Qg4 Bf6 28. Bf4 Qxb4 29. Bxd5 Qxe1+ 30. Rxe1 Rxd5 31. Bxh6 Ra4 32. c4 Bxd3 33. Bxg7 Rxc4 34. f4 Bf5 35. Qg3 Rd3 36. Re3 Rxe3 37. Qxe3 Bxg7 38. Qg3 Kh7 39. Qg5 b4 40. Qe7 b3 41. h6 b2 42. Qxf7 b1Q+ 43. Kh2 Qb2 44. hxg7 Qxg7 45. Qe8 Rc2 0-1

[Event "FIN-chT 2324"]
[Site "Finland"]
[Date "2023.09.23"]
[Round "1.1"]
[White "Sipila, Vilka"]
[Black "Sammalvuo, Tapani"]
[Result "1-0"]
[WhiteElo "2435"]
[BlackElo "2394"]
[PlyCount "49"]
[EventDate "2023.09.23"]
[EventType "team-tourn"]
[EventRounds "12"]
[EventCountry "FIN"]
[SourceTitle "EXT 2024"]
[Source "ChessBase"]
[SourceDate "2023.10.10"]
[SourceVersion "1"]
[SourceVersionDate "2023.10.10"]
[SourceQuality "1"]
[WhiteTeam "Turku TuTS"]
[BlackTeam "Raahe Li"]
[WhiteTeamCountry "FIN"]
[BlackTeamCountry "FIN"]

1. e4 e5 2. Nf3 Nf6 3. d4 Nxe4 4. Bd3 d5 5. Nxe5 Bd6 6. 0-0 0-0 7. c4 c5 8. Nc3 Nxc3 9. bxc3 cxd4 10. cxd4 Bxe5 11. dxe5 dxc4 12. Bxc4 Qxd1 13. Rxd1 Nc6 14. Ba3 Re8 15. f4 Bf5 16. Rd6 Rad8 17. Bd5 Be6 18. Be4 g6 19. Rb1 Rxd6 20. exd6 Bxa2 21. Bxc6 bxc6 22. Rb7 Be6 23. Bb2 f5 24. Bf6 Rf8 25. Rg7+ 1-0

[Event "Titled Tuesday intern op 19th Sep Early"]
[Site "Chess.com INT"]
[Date "2023.09.19"]
[Round "11"]
[White "Hajiyev, Kanan"]
[Black "Sipila, Vilka"]
[Result "0-1"]
[WhiteElo "2113"]
[BlackElo "2435"]
[PlyCount "68"]
[EventDate "2023.09.19"]
[EventType "swiss (blitz)"]
[EventRounds "11"]
[EventCountry "USA"]
[SourceTitle "EXT 2024"]
[Source "ChessBase"]
[SourceDate "2023.10.10"]
[SourceVersion "1"]
[SourceVersionDate "2023.10.10"]
[SourceQuality "1"]

1. d4 Nf6 2. Nf3 g6 3. c4 Bg7 4. g3 0-0 5. Bg2 c6 6. 0-0 d5 7. cxd5 cxd5 8. Nc3 Ne4 9. Bd2 Nxd2 10. Qxd2 Nc6 11. e3 e6 12. Rac1 Bd7 13. Ne1 Rc8 14. Nd3 Na5 15. b3 b6 16. Ne5 Bxe5 17. dxe5 Qe7 18. h4 Qa3 19. e4 d4 20. Qxd4 Rfd8 21. Qe3 Nc6 22. f4 Nb4 23. Rfd1 Be8 24. Rxd8 Rxd8 25. f5 Rd3 26. Qe1 Qb2 27. f6 Nc2 28. Rxc2 Qxc2 29. Bf1 Qxc3 30. Qf2 Rxg3+ 31. Kh2 Rf3 32. Qe2 Qxe5+ 33. Kg2 Qg3+ 34. Kh1 Rf2 0-1

[Event "Titled Tuesday intern op 19th Sep Early"]
[Site "Chess.com INT"]
[Date "2023.09.19"]
[Round "10"]
[White "Sipila, Vilka"]
[Black "Bolat, Inayat"]
[Result "0-1"]
[WhiteElo "2435"]
[BlackElo "2087"]
[PlyCount "114"]
[EventDate "2023.09.19"]
[EventType "swiss (blitz)"]
[EventRounds "11"]
[EventCountry "USA"]
[SourceTitle "EXT 2024"]
[Source "ChessBase"]
[SourceDate "2023.10.10"]
[SourceVersion "1"]
[SourceVersionDate "2023.10.10"]
[SourceQuality "1"]

1. f4 d5 2. Nf3 Nf6 3. g3 e6 4. Bg2 Bd6 5. Kf1 0-0 6. d3 c5 7. h3 Nc6 8. Kg1 e5 9. e3 d4 10. e4 Nh5 11. fxe5 Bc7 12. Bf4 Re8 13. Nbd2 Nxf4 14. gxf4 f6 15. exf6 Qxf6 16. f5 Bf4 17. Nf1 g6 18. fxg6 Qxg6 19. N1h2 Re7 20. Kf1 Rg7 21. Qe2 Be3 22. Ng4 Bxg4 23. hxg4 Qxg4 24. Rh4 Qg3 25. Rh3 Qg4 26. Ng1 Rf8+ 27. Rf3 Rgf7 28. Ke1 Bxg1 29. Rxf7 Qg3+ 30. Kf1 Rxf7+ 31. Kxg1 Ne5 32. Rf1 Ng4 33. Rxf7 Qh2+ 34. Kf1 Ne3+ 35. Ke1 Nxg2+ 36. Kd2 Kxf7 37. c3 Qf4+ 38. Kc2 Ne3+ 39. Kb3 Qf6 40. Qh5+ Qg6 41. Qxc5 Qe6+ 42. c4 Qb6+ 43. Qxb6 axb6 44. Kb4 h5 45. Kb5 h4 46. Kxb6 h3 47. Kxb7 h2 48. b4 h1Q 49. a4 Qb1 50. b5 Qxd3 51. c5 Qxe4+ 52. c6 Nc4 53. Kc7 Qe7+ 54. Kb8 Qd8+ 55. Kb7 Qb6+ 56. Kc8 Ke7 57. a5 Nd6# 0-1

[Event "Titled Tuesday intern op 19th Sep Early"]
[Site "Chess.com INT"]
[Date "2023.09.19"]
[Round "7"]
[White "Sipila, Vilka"]
[Black "Ilamparthi, AR."]
[Result "0-1"]
[WhiteElo "2435"]
[BlackElo "2387"]
[PlyCount "102"]
[EventDate "2023.09.19"]
[EventType "swiss (blitz)"]
[EventRounds "11"]
[EventCountry "USA"]
[SourceTitle "EXT 2024"]
[Source "ChessBase"]
[SourceDate "2023.10.10"]
[SourceVersion "1"]
[SourceVersionDate "2023.10.10"]
[SourceQuality "1"]

1. f4 e5 2. fxe5 d6 3. exd6 Bxd6 4. Nf3 g5 5. g3 g4 6. Nh4 Ne7 7. d4 Ng6 8. Ng2 h5 9. Qd2 h4 10. Qe3+ Kf8 11. gxh4 Nxh4 12. Nc3 Nf5 13. Qg1 Nc6 14. e3 Qe8 15. Be2 Nb4 16. Kd1 Qe6 17. e4 Nh4 18. Nxh4 Rxh4 19. a3 Na6 20. e5 Be7 21. Bf4 Qf5 22. Qe3 Rh3 23. Qd2 Qh7 24. Rf1 Bf5 25. Nd5 Bh4 26. Bg5 Bxc2+ 27. Kc1 Bb3 28. Nf6 Qg6 29. Bxh4 Rxh4 30. Bd3 Qh6 31. Qxh6+ Rxh6 32. Nxg4 Rh4 33. Rf4 Rd8 34. Kd2 c5 35. Bxa6 bxa6 36. Kc3 Be6 37. Rg1 cxd4+ 38. Kd3 Ke7 39. Rg3 Rg8 40. h3 Rd8 41. Rxd4 Rb8 42. Kc2 Rb5 43. Kc3 Rc5+ 44. Kd2 Rb5 45. b4 a5 46. bxa5 Rxa5 47. a4 Rc5 48. Re3 Rh8 49. Nf6 Rb8 50. Ke2 Rb2+ 51. Rd2 Rb4 0-1

[Event "Titled Tuesday intern op 19th Sep Early"]
[Site "Chess.com INT"]
[Date "2023.09.19"]
[Round "5"]
[White "Vedder, Richard"]
[Black "Sipila, Vilka"]
[Result "0-1"]
[WhiteElo "2260"]
[BlackElo "2435"]
[PlyCount "38"]
[EventDate "2023.09.19"]
[EventType "swiss (blitz)"]
[EventRounds "11"]
[EventCountry "USA"]
[SourceTitle "EXT 2024"]
[Source "ChessBase"]
[SourceDate "2023.10.10"]
[SourceVersion "1"]
[SourceVersionDate "2023.10.10"]
[SourceQuality "1"]

1. d4 d5 2. c4 e6 3. Nc3 Nf6 4. Nf3 Bb4 5. e3 0-0 6. Be2 dxc4 7. Bxc4 c5 8. 0-0 cxd4 9. exd4 b6 10. Bg5 Bb7 11. Ne5 Nc6 12. Re1 Qxd4 13. Bxf6 gxf6 14. Qxd4 Nxd4 15. Nd7 Rfc8 16. Bd3 Kg7 17. Be4 Rc7 18. Bxb7 Rxb7 19. Re4 Rxd7 0-1

[Event "AI Cup Play In"]
[Site "Chess.com INT"]
[Date "2023.09.18"]
[Round "1"]
[White "Sipila, Vilka"]
[Black "Makarian, Rudik"]
[Result "0-1"]
[WhiteElo "2435"]
[BlackElo "2548"]
[PlyCount "90"]
[EventDate "2023.09.18"]
[EventType "swiss (rapid)"]
[EventRounds "9"]
[EventCountry "USA"]
[SourceTitle "EXT 2024"]
[Source "ChessBase"]
[SourceDate "2023.10.10"]
[SourceVersion "1"]
[SourceVersionDate "2023.10.10"]
[SourceQuality "1"]

1. e4 c5 2. Nf3 d6 3. d4 cxd4 4. Nxd4 Nf6 5. Nc3 Nc6 6. Bg5 Bd7 7. Qd2 h6 8. Bxf6 gxf6 9. 0-0-0 Nxd4 10. Qxd4 Qa5 11. Kb1 Rc8 12. Bc4 Qc5 13. Bb3 Qxd4 14. Rxd4 h5 15. h4 a6 16. a4 f5 17. Rb4 fxe4 18. Rxb7 f5 19. Ra7 e6 20. Rxa6 d5 21. Ne2 Bc5 22. Rf1 Ke7 23. Nf4 Ra8 24. Rxa8 Rxa8 25. Nxh5 Bd6 26. g3 Rh8 27. Nf4 Bxf4 28. gxf4 Rxh4 29. Rg1 Rxf4 30. Rg2 Kd6 31. c3 Rh4 32. Bc2 f4 33. a5 f3 34. Rg8 Bb5 35. Rf8 Rh2 36. b3 Rxf2 37. c4 e3 38. cxb5 e2 39. b6 e1Q+ 40. Kb2 Qe5+ 41. Ka3 Rxc2 42. b7 Qa1+ 43. Kb4 Qe1+ 44. Kb5 Rc5+ 45. Kb6 Qxa5# 0-1

[Event "Titled Tuesday intern op 12th Sep Early"]
[Site "Chess.com INT"]
[Date "2023.09.12"]
[Round "2"]
[White "Kamsky, Gata"]
[Black "Sipila, Vilka"]
[Result "1-0"]
[WhiteElo "2641"]
[BlackElo "2435"]
[PlyCount "141"]
[EventDate "2023.09.12"]
[EventType "swiss (blitz)"]
[EventRounds "11"]
[EventCountry "USA"]
[SourceTitle "EXT 2024"]
[Source "ChessBase"]
[SourceDate "2023.10.10"]
[SourceVersion "1"]
[SourceVersionDate "2023.10.10"]
[SourceQuality "1"]

1. d4 d6 2. e4 Nf6 3. Nc3 g6 4. Nf3 Bg7 5. Bd3 0-0 6. 0-0 Nc6 7. h3 e5 8. dxe5 dxe5 9. Bc4 h6 10. Be3 Na5 11. Qxd8 Rxd8 12. Nxe5 Nxc4 13. Nxc4 Be6 14. Na5 Nd7 15. Rfd1 c5 16. Nd5 Bxd5 17. Rxd5 Nf6 18. Rxd8+ Rxd8 19. f3 b6 20. Nc6 Rd7 21. Ne5 Rd8 22. Nc4 Ne8 23. c3 f5 24. exf5 gxf5 25. a4 Nc7 26. Kf2 Kf7 27. f4 h5 28. g3 Bf6 29. Kf3 Ke6 30. Re1 Kf7 31. g4 hxg4+ 32. hxg4 fxg4+ 33. Kxg4 Rh8 34. Rd1 Ke7 35. f5 Rh2 36. Bf4 Rh4+ 37. Kg3 Ne8 38. Ne3 Rh8 39. Nd5+ Kf7 40. Nc7 Bh4+ 41. Kf3 Nf6 42. Nb5 a6 43. Nc7 b5 44. a5 b4 45. cxb4 cxb4 46. Nxa6 b3 47. Nc5 Ra8 48. a6 Ne8 49. Rd7+ Kg8 50. a7 Bf6 51. Nxb3 Bxb2 52. Rb7 Ba3 53. Nd4 Bc5 54. Nc6 Kf8 55. Rb8 Rxa7 56. Nxa7 Bxa7 57. Bh6+ Ke7 58. Rb7+ Kf6 59. Rxa7 Kxf5 60. Ra5+ Kg6 61. Bf4 Nf6 62. Be5 Nd7 63. Bd4 Kf7 64. Ke4 Ke6 65. Ra6+ Ke7 66. Kd5 Kf7 67. Ra7 Ke8 68. Kd6 Nf8 69. Re7+ Kd8 70. Bb6+ Kc8 71. Kc6 1-0

[Event "Titled Tuesday intern op 12th Sep Early"]
[Site "Chess.com INT"]
[Date "2023.09.12"]
[Round "6"]
[White "Meissner, Felix"]
[Black "Sipila, Vilka"]
[Result "0-1"]
[WhiteElo "2382"]
[BlackElo "2435"]
[PlyCount "38"]
[EventDate "2023.09.12"]
[EventType "swiss (blitz)"]
[EventRounds "11"]
[EventCountry "USA"]
[SourceTitle "EXT 2024"]
[Source "ChessBase"]
[SourceDate "2023.10.10"]
[SourceVersion "1"]
[SourceVersionDate "2023.10.10"]
[SourceQuality "1"]

1. e4 d6 2. d4 Nf6 3. Nc3 g6 4. f4 Bg7 5. Bd3 0-0 6. Nf3 Nc6 7. Be2 e5 8. d5 Nd4 9. Nxd4 exd4 10. Qxd4 c6 11. dxc6 bxc6 12. 0-0 Re8 13. Qd3 Qb6+ 14. Kh1 Nxe4 15. Nxe4 Bf5 16. Bf3 d5 17. Be3 Qxb2 18. Rab1 dxe4 19. Rxb2 exd3 0-1

[Event "Titled Tuesday intern op 12th Sep Early"]
[Site "Chess.com INT"]
[Date "2023.09.12"]
[Round "11"]
[White "Sipila, Vilka"]
[Black "Ljubarov, Mark"]
[Result "1-0"]
[WhiteElo "2435"]
[BlackElo "2305"]
[PlyCount "65"]
[EventDate "2023.09.12"]
[EventType "swiss (blitz)"]
[EventRounds "11"]
[EventCountry "USA"]
[SourceTitle "EXT 2024"]
[Source "ChessBase"]
[SourceDate "2023.10.10"]
[SourceVersion "1"]
[SourceVersionDate "2023.10.10"]
[SourceQuality "1"]

1. b3 Nf6 2. Bb2 g6 3. Nf3 Bg7 4. g3 0-0 5. Bg2 d5 6. c4 e6 7. 0-0 c5 8. cxd5 exd5 9. d4 c4 10. bxc4 dxc4 11. Nc3 Nc6 12. e4 Bg4 13. e5 Ne8 14. Ba3 Bxf3 15. Bxf3 Nxd4 16. Bxb7 Rb8 17. Bd5 Bxe5 18. Bxf8 Kxf8 19. Rb1 Rxb1 20. Qxb1 Nf6 21. Qb4+ Kg7 22. Qxc4 Qd7 23. Re1 Qh3 24. Rxe5 Ng4 25. Qxd4 Qxh2+ 26. Kf1 Nxe5 27. Qxe5+ Kh6 28. Bg2 f5 29. Ne2 Qh5 30. f4 Qg4 31. Kf2 a6 32. Qf6 a5 33. Bf3 1-0

[Event "Titled Tuesday intern op 12th Sep Early"]
[Site "Chess.com INT"]
[Date "2023.09.12"]
[Round "7"]
[White "Timofeev, Artyom"]
[Black "Sipila, Vilka"]
[Result "1-0"]
[WhiteElo "2576"]
[BlackElo "2435"]
[PlyCount "55"]
[EventDate "2023.09.12"]
[EventType "swiss (blitz)"]
[EventRounds "11"]
[EventCountry "USA"]
[SourceTitle "EXT 2024"]
[Source "ChessBase"]
[SourceDate "2023.10.10"]
[SourceVersion "1"]
[SourceVersionDate "2023.10.10"]
[SourceQuality "1"]

1. c4 d6 2. Nc3 g6 3. h4 Nf6 4. e4 e5 5. Be2 h6 6. h5 g5 7. Nf3 Bg4 8. d4 Nc6 9. dxe5 dxe5 10. Nd5 Bc5 11. 0-0 Bxh5 12. Be3 Bxe3 13. fxe3 Nxe4 14. Nd2 Bxe2 15. Qxe2 Ng3 16. Qf3 Nxf1 17. Ne4 0-0 18. Ndf6+ Kg7 19. Qf5 Rh8 20. Rxf1 Qe7 21. Nh5+ Kf8 22. Qg6 Ke8 23. Ng7+ Kd8 24. Rxf7 Qb4 25. Kh2 Ne7 26. Qe6 a5 27. c5 Re8 28. Nxe8 1-0